01236nam a22002657a 45000010005000000030006000050050017000110080041000280200018000690400029000870500018001160820010001341000029001442450149001732500041003222600036003633000045003995050007004445200392004515210018008435210018008616500037008796500023009167000031009396967FISKH20250703084148.0250612b cb ||||| |||| 00| 0 eng d a9780545835336 aFISKHbengcFISKHdFISKH aPZ7.M478419 F a813.6 aMcDonald, Megand(1959-) aFrank pearl in the awful Waffle Kerfuffle /cMegan McDonald ; Illustrated by Erwin Madrid Based on the characters ; Created by Peter H. Reynolds aThis edition first published in 2014 aSomerville :bScholastic,c2014 a60 pages :bcolor illustrations ;c23 cm aJ  a"Just once, Frank Pearl would like to win at something! He is going to win a prize if it's the last thing he does. Could an amazing yo-yo trick or Cookie the parrot land him a prize? Could a blue ribbon be his at the Great Third-Grade Breakfast Bash? With three shots at a prize and Judy Moody cheering him on (sort of?), there's no way that Frank can miss out on a trophy this time" -- 8 a470 bLexile 8 aJ bRaz-Plus  2Beginning Chapter BooksaFiction 2Judy MoodyaSchool aMadrid, Erwindillustrator